| 000 | 00000nim 2200000zi 4500 |
| 001 | 9.939885 |
| 003 | CaOODSP |
| 005 | 20240819103442 |
| 006 | m o h f |
| 007 | cr nna|||||||| |
| 008 | 240626s2023 oncnnnn o t n eng d |
| 033 | 00|a20231213 |
| 040 | |aCaOODSP|beng|erda|cCaOODSP |
| 043 | |an-cn--- |
| 086 | 1 |aCS452-00003/2023-4E-MP3 |
| 100 | 1 |aCaulfield, Timothy A.,|d1963- |einterviewee. |
| 245 | 10|aEh sayers episode 15 - A little less misinformation, a little more true facts, please. |
| 264 | 1|a[Ottawa] : |b[Statistics Canada], |c[2023] |
| 300 | |a1 online resource (1 audio file (38 min., 14 sec.)). |
| 336 | |aspoken word|bspw|2rdacontent |
| 337 | |aaudio|bs|2rdamedia |
| 337 | |acomputer|bc|2rdamedia |
| 338 | |aonline resource|bcr|2rdacarrier |
| 344 | |3Statistics Canada|adigital|2rdatr |
| 347 | |3Statistics Canada|aaudio file|2rdaft |
| 347 | |3Statistics Canada|bMP3|c26.2 MB|f96 kbps |
| 500 | |aIssued also in French under title: Hé-coutez bien! Épisode 15 - Moins de mésinformation, plus de vérité, s'il vous plaît! |
| 500 | |aComponent of Eh sayers podcast. |
| 500 | |aAvailable as streaming audio or as downloadable MP3 file. |
| 511 | 0 |aTegan Bridge, host. |
| 518 | |aOriginally broadcast December 13, 2023. |
| 520 | |a"In the age of social media, AI, and deepfakes, discerning fact from fiction is a crucial skill. Nowadays, we're not just getting our information from the six o'clock news. Friends, family, researchers, influencers, entertainers, news anchors, advertisers... Who can you trust?"--Provided by publisher. |
| 588 | |aDescription based on online resource; title from resource web page (Statistics Canada, viewed June 26, 2024). |
| 600 | 10|aCaulfield, Timothy A.,|d1963-|vInterviews. |
| 600 | 10|aRancourt, Eric.|vInterviews. |
| 610 | 20|aStatistics Canada|xOfficials and employees|vInterviews. |
| 650 | 0|aMisinformation|zCanada. |
| 655 | 7|aPodcasts|2lcgft |
| 655 | 7|aInterviews (Sound recordings)|2lcgft |
| 655 | 7|aSound recordings|2lcgft |
| 700 | 1 |aBridge, Tegan, |ehost, |einterviewer. |
| 700 | 1 |aRancourt, Eric, |einterviewee. |
| 710 | 2 |aStatistics Canada, |eissuing body. |
| 775 | 08|tHé-coutez bien! Épisode 15 - Moins de mésinformation, plus de vérité, s'il vous plaît!|w(CaOODSP)9.939887 |
| 856 | 40|qMP3|s26.25 MB|uhttps://publications.gc.ca/collections/collection_2024/statcan/45-20-0003/CS452-00003-2023-4-eng.mp3 |
| 856 | 4 |qHTML|sN/A|uhttps://www.statcan.gc.ca/en/sc/podcasts/eh-sayers-ep15 |
| 986 | |a45200003 |